| 000 | 03555 a2200253 4500 | ||
|---|---|---|---|
| 001 | 56897 | ||
| 005 | 20260407155832.0 | ||
| 008 | 260407a1973 arg spa d | ||
| 003 | AR-UNSa-BCEJYS | ||
| 040 |
_aAR-UNSa-BCEJYS _bspa _cAR-UNSa-BCEJYS |
||
| 080 |
_a330.101.542 _xMicroeconomía |
||
| 245 | 1 | 0 | _aMicroeconomía |
| 250 | _a2a. ed. | ||
| 264 | 1 |
_aMéxico : _bInteramericana _c1973 |
|
| 300 |
_axiii, 459 p. _c26 cm. |
||
| 505 | _a1. La organización social económica / Frank H. Knight - 2. La metodología de la economía positiva / Milton Friedman – 3. Los supuestos en la teoría económica / Ernest Nagel – 4. El significado de la medición / Armen A. Alchian – 5. La revisión de la teoría de la demanda del profesor Hicks / Fritz Machlup – 6. La curva de demanda marshalliana / Milton Friedman – 7. La curva de demanda marshalliana / Martin J. Bailey – 8. Los efectos de la imitación, el snobismo y de Veblen en la teoría de la demanda del consumidor individual / Harvey Leibenstein – 9. Las bases de algunos progresos recientes en cuanto a la teoría de la empresa / Armen A. Alchian – 10. La división del trabajo resulta limitada por la extensión del mercado / George J. Stigler – 11. Una reconsideración del corto plazo / Louis De Alessi – 12. Costos y producción / Armen A. Alchian – 13. Una exposición no matemática de la programación matemática o lineal / Robert Dorfman – 14. ¿Qué es competencia perfecta? / Joan Robinson – 15. El concepto de monopolio y la medición del poder de monopolio / Abba P. Lerner – 16. Excesos de capacidad y competencia monopolística / John M. Cassels – 17. Un tratamiento para los gastos de publicidad / Norman S. Buchanan – 18. La curva de demanda aplanada y la teoría de la utilidad / G. Warren Nutter – 19. Naturaleza del equilibrio en la competencia monopolística / Harold Demsetz – 20. Firmas con plantas múltiples, cártels y competencia imperfecta / Don Patinkin – 21. Los mapas de indiferencia de Stackelberg: extensión del análisis a mercados relacionados / William Fellner – 22. Entrada potencial al oligopolio / Douglas Needham – 23. Aspectos económicos de la fijación de precios de transferencia / Jack Hirshleifer – 24. El problema de las proporciones de uso de los factores en los países subdesarrollados / Richard S. Eckaus – 25. Crimen y castigo: un enfoque económico / Gary S. Becker – 26. La discriminación de precios en medicina / Reuben A. Kessel – 27. El teorema de Euler y el problema de la distribución / Joan Robinson – 28. Una reformulación de la teoría ingenua del beneficio / Martin Bronfenbrenner – 29. La geometría del capital y el interés: Una propuesta de simplificación / Donald J. Dewey – 30. El mercado de trabajo de los jugadores de béisbol / Simon Rottenberg – 31. Efectos de los sindicatos en la asignación de los recursos / Albert Ress – 32. Análisis simplificado de la maximización del bienestar / Francis M. Bator – 33. El problema del costo social / Ronald Coase – 34. Anatomía del fracaso del mercado / Francis M. Bator – 35. Exposición diagramática de una teoría del gasto público / Paul A. Samuelson – 36. Una teoría económica de los clubes / James M. Buchanan. | ||
| 041 | _aspa | ||
| 942 | _cBK | ||
| 590 | _aniveau_biblio:m niveau_hierar:0 | ||
| 100 | 1 | _aBreit, William | |
| 700 | 1 | _aHochman, Harold M. | |
| 700 | 1 | _aGivogri, Carlos A. | |
| 856 | 4 | 1 |
_uhttps://biblioeco.unsa.edu.ar/pmb/images/libros/L128629.jpg _yImagen de portada _qimage/jpeg |
| 999 |
_c6068 _d6068 |
||